000 00500nam a2200169Ia 4500
008 090201s9999 xx 000 0 und d
010 _aKPL-44189
040 _bमराठी
041 _aमराठी
082 _a30142
_b44189
100 _aसुधा मराठे
245 _aयशश्री
_cसुधा मराठे
260 _c2004
_bनवचैतन्य प्रकाशन
300 _a189
_bमोठा
600 _aयशश्री
942 _cBOOK
999 _c228695
_d228695